Science and madness
Kaydedildi:
| Yazar: | |
|---|---|
| Materyal Türü: | Kitap |
| Dil: | English |
| Baskı/Yayın Bilgisi: |
Toronto, Canadá
Ontario Printing Centre
1982
|
| Konular: | |
| Etiketler: |
Etiketle
Etiket eklenmemiş, İlk siz ekleyin!
|
MARC
| LEADER | 00000nam a2200000Ia 4500 | ||
|---|---|---|---|
| 008 | 170316s9999 xx 000 0 eng d | ||
| 040 | |a cru BVZT | ||
| 090 | |a 818 W-3s | ||
| 100 | |a Walker, George F. | ||
| 245 | |a Science and madness | ||
| 260 | |a Toronto, Canadá | ||
| 260 | |b Ontario Printing Centre | ||
| 260 | |c 1982 | ||
| 300 | |a 53 páginas | ||
| 650 | |a LITERATURA CANADIENSE | ||
| 999 | |c 6682 |d 6682 | ||
| 942 | |c 15 D |h 818 W-3s |2 z | ||
